RADIGRAPHIC POSSTIONING AND PROCEDURE-3 (Record no. 792)

MARC details
000 -LEADER
fixed length control field 00336nam a2200133Ia 4500
008 - FIXED-LENGTH DATA ELEMENTS--GENERAL INFORMATION
fixed length control field 150201s2007 xx 000 0 und d
082 ## - DEWEY DECIMAL CLASSIFICATION NUMBER
Classification number 616.0757
Item number R07F
100 ## - MAIN ENTRY--PERSONAL NAME
Personal name FRANK,EUGENE D
245 ## - TITLE STATEMENT
Title RADIGRAPHIC POSSTIONING AND PROCEDURE-3
250 ## - EDITION STATEMENT
Edition statement 5TH
260 ## - PUBLICATION, DISTRIBUTION, ETC. (IMPRINT)
Name of publisher, distributor, etc. MOSBY ELSEVIER
Place of publication, distribution, etc. DELHI
Date of publication, distribution, etc. 2007
650 ## - SUBJECT ADDED ENTRY--TOPICAL TERM
Topical term or geographic name as entry element PATHOLOGY
942 ## - ADDED ENTRY ELEMENTS (KOHA)
Source of classification or shelving scheme Dewey Decimal Classification
Koha item type Books
Holdings
Withdrawn status Lost status Source of classification or shelving scheme Damaged status Not for loan Collection code Home library Current library Shelving location Date acquired Source of acquisition Serial Enumeration / chronology SGTU Bill Number Full call number Barcode Date last seen Bill Date Koha item type
    Dewey Decimal Classification   Not For Loan MEDICAL SGT Medical Library SGT Medical Library Text Book 26/02/2010 U.B.S. DELHI III SGTU 993 616.0757 R07F FM3344 09/02/2015 26/02/2010 Books